000 00456cam a22001934a 4500
005 20250605164245.0
008 250528s ||||||||||||||||||||||||d
035 _a21480
040 _aGR-AtMCL
_bgre
_dGR-AtMCL
_eAACR2
245 1 _aINTRODUCING SOCIAL PSYCHOLOGY
250 _a1
260 _bPenguin Books,
_c1978
300 _a490
700 1 _aFraser Colin
_9531
700 1 _aTajfel Henri
_9532
942 _cBK
999 _c6542
_d6542